000 00837nam a2200265 a 4500
001 57734
003 BD-RjUL
005 20211209080539.0
008 030428s2004 mau b 001 0 eng
020 _a0631216480 (hc)
020 _a0631216499 (pbk.)
035 _a(BD-RjUL)57858
040 _aDLC
_cDLC
_dBD-RjUL
_beng
041 _aeng
082 0 0 _a303.4833
_223
_bAGV 2004
100 1 _aAgger, Ben.
_9171459
245 1 4 _aThe virtual self :
_ba contemporary sociology /
_cBen Agger.
260 _aMalden, MA :
_bBlackwell Pub.,
_c2004.
300 _avii, 203 p. ;
_c24 cm.
504 _aIncludes bibliographical references (p. [181]-186) and index.
650 0 _aInformation society.
_xInformation Technology
_9171461
830 _a21st-century sociology
_9171460
942 _2ddc
_cBK
999 _c57734
_d57734